| 000 | 01249nam0a2200325 i 4500 | ||
|---|---|---|---|
| 001 | RU\NLR\BIBL_A\010562137 | ||
| 005 | 20241114184345.0 | ||
| 010 |
_a9785852477460 _9500 |
||
| 021 |
_aRU _b2014-76336 _94671 |
||
| 035 | _a(NILC)RuMoRGB-007565953 | ||
| 035 | _a(NLR Aleph) 010562137 | ||
| 090 |
_a10385356 _c10385356 |
||
| 100 | _a20141210d2013 k y0rusy50 ca | ||
| 101 | 0 | _arus | |
| 102 | _aRU | ||
| 105 | _aa|||z||||||y| | ||
| 200 | 1 |
_aФормирование безопасности жизнедеятельности на дорогах как компетенции будущего специалиста _fР. Ш. Ахмадиева |
|
| 210 |
_aКазань _c[б. и.] _d2013 |
||
| 215 |
_a543 с. _cил., табл., цв. ил. _d21 |
||
| 320 | _aБиблиогр.: с. 322-357 (333 назв.) | ||
| 606 |
_aБезопасность жизнедеятельности _xПреподавание _92194228 _3RU\NLR\auth\661318854 |
||
| 686 |
_aЧ489.518.269.9,0 _2rubbk |
||
| 686 | _aЧ486.99обж. | ||
| 686 | _aЧ426.99обж. | ||
| 700 | 1 |
_aАхмадиева _bР. Ш. _gРоза Шайхайдаровна |
|
| 801 | 0 |
_aRU _bРГБ _c20141013 _gRCR |
|
| 942 | _cBOOK | ||
| 980 | _aNBR | ||